000 00974cab a2200205 4500
001 ##L133079
008 060410n2006 000 0 eng u
035 _a(Sirsi) u133079
041 0 _aeng
245 0 0 _aEmerging markets
260 _c2006
490 0 _aEuroProperty
_vApril 2006, 39-48(7)
520 _aReviews the emerging markets of Russia, Turkey and Ukraine which are beginning to attract the attention of European property investors. While many investors talk about entering Russia only a few developers have taken the risk. Although the Russian retail market is soaring the Russians are not selling. The change in economic and political outlook is stirring investors' interest in Turkey. Political instability and undersupply however are hindering investors seeking a foothold in Ukraine. Tables.
590 _aIKA110406
650 2 4 _aRUSSIA
650 2 4 _aUKRAINE
650 2 4 _aTURKEY
690 _aPROPERTY-PROPERTY FINANCE AND INVESTMENT
942 _n0
999 _c76791
_d76791